000 01813nam a2200241Ia 4500
008 260220t1955||||xx |||||||||||||| ||spa||
040 _aPY-SlUNAC
_bspa
_erda
041 _aspa
082 _a539
_bF539f
100 _aFuentes Catolam, Carmelo
_eAutor
245 0 _aFísica y química y su aplicación a la agricultura /
_cpor Carmelo Fuentes Catolam [Autor]
264 _aZaragoza :
_bEl Noticiero,
_c℗1955.
300 _a556 páginas
520 _aEl libro "Física y química y su aplicación a la agricultura" de Carmelo Fuentes Catolam, publicado en 1955, explora la intersección de las ciencias físicas y químicas con el ámbito agrícola, proporcionando una base teórica y práctica para entender los procesos que afectan la producción agrícola. A lo largo de sus capítulos, el autor analiza conceptos fundamentales de la física y la química, tales como la estructura de los suelos, la dinámica de los nutrientes y la influencia de factores ambientales en el crecimiento de las plantas. Además, se discuten técnicas específicas que utilizan principios científicos para optimizar el cultivo, la fertilización y el control de plagas, enfatizando la importancia de la investigación científica en la mejora de la productividad agrícola. Fuentes Catolam aboga por un enfoque basado en la evidencia para resolver problemas agrícolas, fomentando así una mayor integración de la ciencia en prácticas agrícolas tradicionales. Este enfoque interdisciplinario resalta la relevancia de la ciencia en el desarrollo sostenible de la agricultura.
653 _aAgricultura
653 _aFísica
653 _aQuímica
942 _b2026/02/17
_cBK
999 _c7804
_d7804